| 000 | 02257cas a2200553 a 4500 | ||
|---|---|---|---|
| 999 |
_c8769 _d8769 |
||
| 001 | 14474432 | ||
| 003 | GZU | ||
| 005 | 20210524155315.0 | ||
| 008 | 060731c19879999enkar l 0 0eng | ||
| 010 |
_a 2004233234 _z 2004270970 _z 2004275219 _z 2005021662 |
||
| 016 | 7 |
_a011102844 _2Uk |
|
| 016 | _a011102844 | ||
| 035 | _a(OCoLC)ocm54110395 | ||
| 040 |
_aCVU _beng _cCVU _dGUA _dNLGGC _dDLC _dOCLCQ _dUKMGB _dOCLCQ _dOCLCF _dYDXCP _dOCLCO _dYDX |
||
| 042 | _apcc | ||
| 043 | _ae-uk-en | ||
| 050 | 0 | 0 |
_aKD1554.A29 _bB33 |
| 245 | 0 | 0 |
_aBlackstone's statutes on contract, tort & restitution : _b2012-2013 |
| 246 | 3 | 0 | _aBlackstone's statutes on contract, tort and restitution |
| 246 | 3 | 0 | _aStatutes on contract, tort, and restitution |
| 246 | 1 | 4 | _aStatutes on contract, tort, & restitution |
| 246 | 1 | 4 | _aContract, tort & restitution |
| 260 |
_aOxford : _bOxford University Press _c2012. |
||
| 300 |
_av. ; _c23 cm. |
||
| 310 | _aAnnual | ||
| 362 | 0 | _a1st ed. (1987)- | |
| 490 | 1 | _aBlackstone's statutes | |
| 500 |
_aEdition for 13th (2002/2003)--cataloged as a monograph in LC. _5DLC |
||
| 588 | _aDescription based on: 14th ed. (2003/2004); title from cover. | ||
| 588 | _aLatest issue consulted: 16th ed. (2005/2006). | ||
| 650 | 0 |
_aContracts _zEngland _vPeriodicals. |
|
| 650 | 0 |
_aContracts _zWales _vPeriodicals. |
|
| 650 | 0 |
_aTorts _zEngland _vPeriodicals. |
|
| 650 | 0 |
_aTorts _zWales _vPeriodicals. |
|
| 650 | 0 |
_aRestitution _zEngland _vPeriodicals. |
|
| 650 | 0 |
_aRestitution _zWales _vPeriodicals. |
|
| 650 | 7 |
_aContracts. _2fast _0(OCoLC)fst00876969 |
|
| 650 | 7 |
_aRestitution. _2fast _0(OCoLC)fst01095975 |
|
| 650 | 7 |
_aTorts. _2fast _0(OCoLC)fst01152931 |
|
| 651 | 7 |
_aEngland. _2fast _0(OCoLC)fst01219920 |
|
| 651 | 7 |
_aWales. _2fast _0(OCoLC)fst01207649 |
|
| 655 | 7 |
_aPeriodicals. _2fast _0(OCoLC)fst01411641 |
|
| 730 | 0 | _aBlackstone's statutes. | |
| 830 | 0 | _aBlackstone's statutes. | |
| 906 |
_a7 _bcbc _cserials _d2 _encip _f20 _gn-oclcserc |
||
| 942 |
_2lcc _cBK _e23rd _h1554 _iBLA _kKD _m2012 |
||